| 000 | 00660nam a22002177a 4500 | ||
|---|---|---|---|
| 003 | OSt | ||
| 005 | 20251120153801.0 | ||
| 008 | 251120b |||||||| |||| 00| 0 eng d | ||
| 020 | _a9812-53-246-3. | ||
| 040 |
_aDWCL-Main lib _cOC |
||
| 082 |
_27th ed. _aCirc. 657 W547a 2005 |
||
| 100 | _aJerry J. Wetgandt | ||
| 245 |
_aAccounting principles 7th ed. _cJerry J. Weygandt |
||
| 260 |
_aN. J. : _bJohn Wiley & Sons, Inc., _cc2005. |
||
| 300 |
_axxxii (various paging) : _billustration ; _c24 cm. |
||
| 504 | _aIncludes indexes. | ||
| 650 | _21. Accounting. | ||
| 700 | _aDonald E. Kieso | ||
| 700 | _aPaul D. Kimmel | ||
| 942 |
_2ddc _cBK-CIRC _e7th ed. _kCirc. _n0 |
||
| 999 |
_c5913 _d5913 |
||